| 000 | 00569nam a2200217 a 4500 | ||
|---|---|---|---|
| 001 | BRL_689 | ||
| 005 | 20190320210844.0 | ||
| 008 | 250913s1928----gw-#######---#000-0#ger-# | ||
| 041 | _ager | ||
| 044 | _agw | ||
| 050 | 4 |
_aML3925 _b.W47 1928 |
|
| 100 | 1 |
_aWerfel, Franz _924655 |
|
| 245 | 1 | 0 |
_aVerdi _bRoman der Oper _cFranz Werfel. |
| 260 |
_aBerlin _bPaul Zsolnay _c1928 |
||
| 300 |
_a569 p. _c19 cm. |
||
| 500 | _aAu790 | ||
| 600 | 1 | 4 |
_aVerdi, Giuseppe _d1813-1901 _vFicción _924656 |
| 650 | 1 | 4 |
_aLiteratura Alemana _vFicción _924657 |
| 902 | _aGRL | ||
| 942 |
_2lcc _cB |
||
| 999 |
_c9501 _d9501 |
||